Miasta województwo pomorskie - Statystyki

Ogólne statystyki
  • Ten quiz został rozwiązany 341 razy
  • Średni wynik to 21 z 42
Statystyki odpowiedzi
Odpowiedź LIczba ludności % Poprawnych
Gdańsk 470 907
100%
Gdynia 246 348
100%
Sopot 35 719
94%
Słupsk 90 681
85%
Tczew 59 951
79%
Wejherowo 49 505
79%
Malbork 38 345
75%
Kościerzyna 23 742
73%
Hel 3261
72%
Chojnice 39 804
69%
Starogard Gdański 47 671
68%
Rumia 49 230
67%
Lębork 35 273
65%
Reda 26 307
64%
Władysławowo 9931
63%
Bytów 16 881
62%
Pruszcz Gdański 31 326
62%
Kartuzy 14 483
61%
Łeba 3601
57%
Puck 11 241
57%
Kwidzyn 38 418
56%
Ustka 15 367
55%
Nowy Dwór Gdański 9888
53%
Jastarnia 2708
50%
Człuchów 13 624
47%
Sztum 9870
46%
Krynica Morska 1286
37%
Żukowo 6689
34%
Gniew 6661
33%
Pelplin 7737
32%
Czersk 9920
31%
Miastko 10 384
31%
Brusy 5182
24%
Czarna Woda 2769
22%
Skarszewy 7012
20%
Skórcz 3623
19%
Dzierzgoń 5335
18%
Prabuty 8684
16%
Czarne 5889
15%
Kępice 3575
14%
Debrzno 5066
10%
Nowy Stawn 4233
0%
Nie znaleziono quizów pasujących do podanych kryteriów
Rozkład punktacji
Procent ludzi z każdym wynikiem
Percentyl według liczby udzielonych odpowiedzi
Twoja historia wyników
Nie rozwiązałeś tego quizu